Entry Personal Name
Number of records used in: 1
001 - CONTROL NUMBER
003 - CONTROL NUMBER IDENTIFIER
005 - DATE AND TIME OF LATEST TRANSACTION
- control field:
20200125113010.0
008 - FIXED-LENGTH DATA ELEMENTS
- fixed length control field:
841022n| acannaabn |n aaa
010 ## - LIBRARY OF CONGRESS CONTROL NUMBER
- LC control number:
n 84122156
035 ## - SYSTEM CONTROL NUMBER
- System control number:
(OCoLC)oca01204699
040 ## - CATALOGING SOURCE
- Original cataloging agency:
DLC
- Language of cataloging:
eng
- Transcribing agency:
DLC
- Modifying agency:
DLC
- Modifying agency:
OCoLC
100 1# - HEADING--PERSONAL NAME
- Personal name:
Sumner, Mary
670 ## - SOURCE DATA FOUND
- Source citation:
Her Computers, c1985:
- Information found:
CIP t.p. (Mary Sumner) CIP data sheet (Sumner, Mary R.)